Quality Sanitation Management / (Record no. 4441)
[ view plain ]
| 000 -LEADER | |
|---|---|
| fixed length control field | 00975nac a22002291u 4500 |
| 008 - FIXED-LENGTH DATA ELEMENTS--GENERAL INFORMATION | |
| fixed length control field | 100915t xxu||||| |||| 00| 0 eng d |
| 010 ## - LIBRARY OF CONGRESS CONTROL NUMBER | |
| LC control number | 94016272 |
| 020 ## - INTERNATIONAL STANDARD BOOK NUMBER | |
| International Standard Book Number | 086612084X |
| 082 00 - DEWEY DECIMAL CLASSIFICATION NUMBER | |
| Classification number | 647.95068 |
| Item number | CIC |
| 100 ## - MAIN ENTRY--PERSONAL NAME | |
| Personal name | Cichy, Ronald F. |
| 9 (RLIN) | 19235 |
| 245 10 - TITLE STATEMENT | |
| Title | Quality Sanitation Management / |
| Statement of responsibility, etc | Ronald F. Cichy |
| 260 ## - PUBLICATION, DISTRIBUTION, ETC. (IMPRINT) | |
| Place of publication, distribution, etc | East Lansing, Mich. : |
| Name of publisher, distributor, etc | Educational Institute of the American Hotel & Motel Association, |
| Date of publication, distribution, etc | c1994. |
| 300 ## - PHYSICAL DESCRIPTION | |
| Extent | xx, 448 p. : |
| Other physical details | ill. ; |
| Dimensions | 27 cm. |
| 504 ## - BIBLIOGRAPHY, ETC. NOTE | |
| Bibliography, etc | Includes bibliographical references and index. |
| 650 #0 - SUBJECT ADDED ENTRY--TOPICAL TERM | |
| Topical term or geographic name as entry element | Food Service |
| General subdivision | Sanitation. |
| 9 (RLIN) | 19236 |
| 650 #0 - SUBJECT ADDED ENTRY--TOPICAL TERM | |
| Topical term or geographic name as entry element | Food service management |
| Geographic subdivision | United States. |
| 9 (RLIN) | 19237 |
| 650 #0 - SUBJECT ADDED ENTRY--TOPICAL TERM | |
| Topical term or geographic name as entry element | Restaurants |
| General subdivision | Sanitation. |
| 9 (RLIN) | 19238 |
| 650 #0 - SUBJECT ADDED ENTRY--TOPICAL TERM | |
| Topical term or geographic name as entry element | Risk management. |
| 9 (RLIN) | 19239 |
| 710 2# - ADDED ENTRY--CORPORATE NAME | |
| Corporate name or jurisdiction name as entry element | Diversey Corp. |
| 9 (RLIN) | 19240 |
| 942 ## - ADDED ENTRY ELEMENTS (KOHA) | |
| Item type | Book - Borrowing |
| Call number prefix | 647.95068 CIC |
| Source of classification or shelving scheme | Dewey Decimal Classification |
| Withdrawn status | Item status | Source of classification or shelving scheme | Damaged status | Not for loan | Vendor | Home library | Current library | Shelving location | Date acquired | Source of acquisition | Total Checkouts | Total Renewals | Full call number | Barcode | Date last seen | Date last borrowed | Koha item type |
|---|---|---|---|---|---|---|---|---|---|---|---|---|---|---|---|---|---|
| Dewey Decimal Classification | Central Library | Central Library | First floor | 15/09/2010 | 1 | 1 | 647.950289 CIC | 000005422 | 15/07/2025 | 02/11/2021 | Book - Borrowing |